000 00972cam a2200253 a 4500
005 20160830102834.0
008 960422t1991 -usaco r 0 eng d
020 _a0226722597
040 _aCO-BoPUJ
_cCO-BoIAVH
_dCO-BoIAVH
041 0 _aeng
044 _axxu
082 0 4 _a639.9
_bN43w
245 0 0 _aNeotropical wildlife use and conservation
_ceditado por John G. Robinson y Kent H. Redford
260 _aChicago :
_bThe University of Chicago,
_c1991.
300 _axvii, 520 páginas :
_bilustraciones, gráficas y tablas ;
_c23 x 15 cm.
504 _aIncluye referencias bibliográficas: 449-490 e índice.
650 2 6 _aCaza
_zAmérica Latina
650 2 6 _aConservación de la naturaleza
_zAmérica Latina
650 2 6 _aFauna
_xComercio
_zAmérica Latina
650 2 4 _aComercio de animales salvajes
_zAmérica Latina
700 1 _aRobinson, John G.
_eeditor
700 1 _aRedford, Kent H.
_eeditor
942 _2ddc
_cLIBRO
999 _c4259
_d4259